<?xml version="1.0" encoding="UTF-8"?>
<collection xmlns:xsi="http://www.w3.org/2001/XMLSchema-instance" xsi:schemaLocation="http://www.loc.gov/MARC21/slim http://www.loc.gov/standards/marcxml/schema/MARC21slim.xsd" xmlns="http://www.loc.gov/MARC21/slim">
 <record>
  <leader>00000ctm a22000003a 4500</leader>
  <controlfield tag="001">UP-8027390931314102126</controlfield>
  <controlfield tag="003">Buklod</controlfield>
  <controlfield tag="005">20240320091938.0</controlfield>
  <controlfield tag="006">m    |o  d |      </controlfield>
  <controlfield tag="007">ta</controlfield>
  <controlfield tag="008">240320s        xx     d     r    |||| u|</controlfield>
  <datafield tag="035" ind1=" " ind2=" ">
   <subfield code="a">(iLib)UPVIS-00163083906</subfield>
  </datafield>
  <datafield tag="037" ind1=" " ind2=" ">
   <subfield code="a">gift</subfield>
  </datafield>
  <datafield tag="040" ind1=" " ind2=" ">
   <subfield code="a">VML/ess 03.20.2024</subfield>
  </datafield>
  <datafield tag="041" ind1=" " ind2=" ">
   <subfield code="a">eng</subfield>
  </datafield>
  <datafield tag="090" ind1=" " ind2="0">
   <subfield code="a">LG 993.5 2022 E62 C66</subfield>
  </datafield>
  <datafield tag="100" ind1="0" ind2=" ">
   <subfield code="a">Consular, Mark Rudan</subfield>
  </datafield>
  <datafield tag="245" ind1="0" ind2="0">
   <subfield code="a">Artificial neural network based surrogate modelling for optimization of an industrial batch fermentation process.</subfield>
  </datafield>
  <datafield tag="264" ind1=" " ind2="1">
   <subfield code="a">2022.</subfield>
  </datafield>
  <datafield tag="300" ind1=" " ind2=" ">
   <subfield code="a">xiv, 105 leaves.</subfield>
  </datafield>
  <datafield tag="336" ind1=" " ind2=" ">
   <subfield code="a">text</subfield>
   <subfield code="2">rdacontent</subfield>
  </datafield>
  <datafield tag="337" ind1=" " ind2=" ">
   <subfield code="a">unmmediated</subfield>
   <subfield code="2">rdamedia</subfield>
  </datafield>
  <datafield tag="338" ind1=" " ind2=" ">
   <subfield code="a">volume</subfield>
   <subfield code="2">rdacarrier</subfield>
  </datafield>
  <datafield tag="500" ind1=" " ind2=" ">
   <subfield code="a">Thesis (Undergraduate, Bachelor of Science in Chemical Engineering) School of Technology, University of the Philippines Visayas, Miagao, Iloilo. 2022.</subfield>
  </datafield>
  <datafield tag="520" ind1="3" ind2=" ">
   <subfield code="a">Fermentation is a well-known process to produce alcohol. Optimization of this process reduces the production costs while maximizing the ethanol yield. This study aims to model the batch fermentation process of Asian Alcohol Corp. and optimize it through a surrogate model that predicts the potential profit based on artificial neural network using MATLAB R2021b software. Andrews model was used and simulated applying the fourth order Runge-Kutta method ODE15s. The kinetic parameters were estimated using fminsearch function. Generation and training of the surrogate model were done using fitrnet function augmented with 5-fold cross validation OptimizeHyperparameters. Predicted potential profit was then optimized through particle swarm optimization. The estimated parameters of the kinetic model were μmax=2.5519 h-1, KS=25.8553 g.L-1, Ki=187.9845 g.L-1, kd=0.61943 h-1, YX/S=1.5668 ×10-4, and YP/S=0.6757. The surrogate model has an elapsed time of 8.367 hrs, layer size of [176 64 66], estimated objective function of 21.1334, regularization parameter (λ) = 3.185×10-2 and relu as activation function (σ). This model has projected an R2=0.99993 and RMSE = 15,555.987. The optimal conditions of 3.27 ×107 CFU/mL initial cell biomass, 111.74 MT initial molasses and 33.36 hours of fermentation time were predicted to give a potential profit of Php 1,066,440.59. Using sensitivity analysis, the influential parameters of the process are the amount of initial molasses used and the fermentation time. Percent error ranging from 29.3795% to 33.6129% was obtained between the industrial and estimated potential profit by the surrogate model.</subfield>
  </datafield>
  <datafield tag="650" ind1="1" ind2="0">
   <subfield code="a">Artificial neural network.</subfield>
  </datafield>
  <datafield tag="720" ind1=" " ind2=" ">
   <subfield code="a">Calangi, Geraldine D.</subfield>
   <subfield code="e">Thesis adviser.</subfield>
  </datafield>
  <datafield tag="905" ind1=" " ind2=" ">
   <subfield code="a">FI</subfield>
  </datafield>
  <datafield tag="852" ind1="0" ind2=" ">
   <subfield code="a">UPVIS</subfield>
   <subfield code="b">UPV-SOTECH</subfield>
   <subfield code="h">LG 993.5 2022 E62 C66</subfield>
  </datafield>
  <datafield tag="942" ind1=" " ind2=" ">
   <subfield code="a">Thesis</subfield>
  </datafield>
 </record>
</collection>
